[Event "USA-ch14 fin corr"]
[Site "USA"]
[Date "2002.09.30"]
[Round "?"]
[White "Woods, Dana"]
[Black "Green, Wesley C"]
[Result "1/2-1/2"]
[WhiteElo "2249"]
[BlackElo "2319"]
[PlyCount "75"]
[EventDate "2002.09.30"]
[EventType "tourn (corr)"]
[EventRounds "14"]
[EventCountry "USA"]
[SourceTitle "Corr 2006"]
[Source "ChessBase"]
[SourceDate "2006.04.01"]
[SourceVersion "3"]
[SourceVersionDate "2006.04.01"]
[SourceQuality "1"]

1. d4 d5 2. c4 e6 3. Nc3 c6 4. Nf3 Nf6 5. Bg5 dxc4 6. e4 b5 7. e5 h6 8. Bh4 g5 9. Nxg5 hxg5 10. Bxg5 Nbd7 11. exf6 Bb7 12. g3 c5 13. d5 Nxf6 14. Bg2 Be7 15. 0-0 Nxd5 16. Bxe7 Kxe7 17. Qe1 Nxc3 18. Bxb7 Rb8 19. Bg2 Na4 20. Rd1 Qc7 21. Qd2 Rbg8 22. Rfe1 b4 23. Qc2 Nb6 24. Qf5 Rg6 25. f4 Kf8 26. Qe5 Qxe5 27. Rxe5 Rgh6 28. Rxc5 Rxh2 29. Rc7 Nd5 30. Bxd5 exd5 31. Rxd5 R8h3 32. Rdd7 Rxb2 33. Rxf7+ Kg8 34. Rg7+ Kf8 35. Rcf7+ Ke8 36. Rxa7 Kf8 37. f5 Rhh2 38. Raf7+ 1/2-1/2

[Event "USA-ch14 fin corr"]
[Site "USA"]
[Date "2002.??.??"]
[Round "?"]
[White "Saxe, Barry"]
[Black "Green, Wesley C"]
[Result "0-1"]
[WhiteElo "2338"]
[BlackElo "2319"]
[PlyCount "70"]
[EventDate "2002.09.30"]
[EventType "tourn (corr)"]
[EventRounds "14"]
[EventCountry "USA"]
[SourceTitle "Corr 2006"]
[Source "ChessBase"]
[SourceDate "2006.04.01"]
[SourceVersion "3"]
[SourceVersionDate "2006.04.01"]
[SourceQuality "1"]

1. e4 e5 2. Bc4 Nf6 3. d4 exd4 4. Nf3 Nxe4 5. Qxd4 Nf6 6. Bg5 Nc6 7. Qh4 d5 8. Bxf6 gxf6 9. Bb5 Qe7+ 10. Kd1 Be6 11. Nd4 Qb4 12. Kc1 Bh6+ 13. Qxh6 Qxd4 14. f3 Ke7 15. Bxc6 bxc6 16. Nd2 Rag8 17. g4 Rg6 18. Qh4 h5 19. Re1 Rgh6 20. Qg3 hxg4 21. Qxc7+ Kf8 22. c3 Qd3 23. Nf1 Bf5 24. Qe7+ Kg7 25. Qe2 gxf3 26. Qf2 Rg6 27. Ng3 Qc2+ 28. Qxc2 Bxc2 29. Kxc2 Rxh2+ 30. Kb3 Rxg3 31. Rab1 f5 32. Re3 Re2 33. Rd3 f4 34. Rh1 f2 35. Rdd1 d4 0-1